[Event "IND AICF-ch blind 18th"]
[Site "Odisha"]
[Date "2025.04.06"]
[Round "9"]
[White "Vivek, Kumar Srivastava"]
[Black "Shidad, M."]
[Result "0-1"]
[WhiteElo "1534"]
[BlackElo "1660"]
[PlyCount "68"]
[EventDate "2025.04.02"]
[EventType "swiss"]
[EventRounds "9"]
[EventCountry "IND"]
[SourceTitle "CB15_2025"]
[SourceDate "2025.04.09"]
[SourceVersion "1"]
[SourceVersionDate "2025.04.09"]
[SourceQuality "1"]

1. e4 d5 2. exd5 Qxd5 3. Nc3 Qa5 4. Nf3 Bg4 5. Be2 Nf6 6. h3 Bh5 7. b3 e6 8. Bb2 Bd6 9. a3 c6 10. b4 Qc7 11. d3 0-0 12. d4 Nbd7 13. b5 Rab8 14. Qd3 Bg6 15. Qd1 c5 16. Bd3 cxd4 17. Nxd4 e5 18. Nf5 Bc5 19. Nd5 Nxd5 20. 0-0 N5f6 21. a4 e4 22. Bxf6 Nxf6 23. Bxe4 Nxe4 24. Ne3 Rbd8 25. Qe1 Nd2 26. Qe2 Nxf1 27. Rxf1 Rfe8 28. Re1 Re5 29. Qf3 Rde8 30. Rd1 Qa5 31. Qg3 h6 32. Kh1 Bxe3 33. fxe3 Rxe3 34. c4 Rxg3 0-1

[Event "IND AICF-ch blind 18th"]
[Site "Odisha"]
[Date "2025.04.03"]
[Round "4"]
[White "Vivek, Kumar Srivastava"]
[Black "Vibin Wilson, C."]
[Result "0-1"]
[WhiteElo "1534"]
[BlackElo "1457"]
[PlyCount "80"]
[EventDate "2025.04.02"]
[EventType "swiss"]
[EventRounds "9"]
[EventCountry "IND"]
[SourceTitle "CB15_2025"]
[SourceDate "2025.04.09"]
[SourceVersion "1"]
[SourceVersionDate "2025.04.09"]
[SourceQuality "1"]

1. e4 d5 2. e5 d4 3. h3 c5 4. Nf3 Nc6 5. a3 e6 6. d3 Nge7 7. Bf4 Ng6 8. Bg3 Be7 9. Be2 Qc7 10. c3 Ngxe5 11. Nbd2 Nxf3+ 12. Bxf3 Bd6 13. Ne4 Bxg3 14. Nxg3 Ne5 15. Be2 0-0 16. 0-0 Bd7 17. Rc1 Bc6 18. b4 Rac8 19. Ne4 Qe7 20. cxd4 cxd4 21. f4 Ng6 22. Qd2 Nh4 23. g3 Nf5 24. Qe1 Ne3 25. Rf3 f5 26. Nc5 Bxf3 27. Bxf3 b6 28. Nb3 Rxc1 29. Nxc1 Qd6 30. Nb3 Rd8 31. Nd2 Nc2 32. Qf2 Nxa3 33. Nc4 Nxc4 34. dxc4 d3 35. Qd2 Qd4+ 36. Kh2 Qxc4 37. Bd1 Rc8 38. b5 Qc2 39. Bxc2 Rxc2 40. Qxc2 dxc2 0-1

[Event "IND AICF-ch blind 18th"]
[Site "Odisha"]
[Date "2025.04.02"]
[Round "2"]
[White "Vivek, Kumar Srivastava"]
[Black "Venkat Reddy, S."]
[Result "0-1"]
[WhiteElo "1534"]
[BlackElo "1615"]
[PlyCount "62"]
[EventDate "2025.04.02"]
[EventType "swiss"]
[EventRounds "9"]
[EventCountry "IND"]
[SourceTitle "CB15_2025"]
[SourceDate "2025.04.09"]
[SourceVersion "1"]
[SourceVersionDate "2025.04.09"]
[SourceQuality "1"]

1. e4 e6 2. g3 g6 3. Bg2 Bg7 4. Ne2 c5 5. c3 d6 6. d3 Nc6 7. Be3 Nf6 8. Nd2 Ng4 9. 0-0 0-0 10. d4 Nxe3 11. fxe3 Bh6 12. Nf4 Ne7 13. Qf3 cxd4 14. Qe2 e5 15. Nd5 Nxd5 16. exd5 dxe3 17. Nc4 f5 18. Nxe3 Qb6 19. Rae1 f4 20. gxf4 exf4 21. Qf3 fxe3 22. Qe4 e2+ 23. Kh1 exf1Q+ 24. Bxf1 Bf5 25. Qh4 Rae8 26. Bg2 Rxe1+ 27. Qxe1 Qxb2 28. Qg1 Qc2 29. Qxa7 Be4 30. Qg1 Qxg2+ 31. Qxg2 Rf1# 0-1